02485cam a2200397 i 450000100090000000300040000900500170001300800410003001000170007102000420008804000280013004200080015804300120016605000160017808200190019408400450021310000450025824501160030326400480041930000260046733600210049333700250051433800230053950400510056252010640061365000500167765000620172765000460178965000450183565000490188065000420192965000420197190600450201394200120205899900170207017959698OSt20221012132911.0131202s2014 ctu b 001 0 eng  a 2013047823 a9780300191899 (hardback : alk. paper) aDLCbengcDLCerdadDLC apcc an-us---00aKF540b.Sh800a346.7301/7223 aLAW038010aLAW010000aLAW0180002bisacsh1 aShulman, Jeffrey,d1951-eauthor.91026114aThe constitutional parent :brights, responsibilities, and the enfranchisement of the child /cJeffrey Shulman. 1aNew Haven :bYale University Press,c[2014] ax, 345 pages ;c25 cm atext2rdacontent aunmediated2rdamedia avolume2rdacarrier aIncludes bibliographical references and index. a"In this bold and timely work, law professor Jeffrey Shulman argues that the United States Constitution does not protect a fundamental right to parent. Based on a rigorous reconsideration of the historical record, Shulman challenges the notion, held by academics and the general public alike, that parental rights have a long-standing legal pedigree. What is deeply rooted in our legal tradition and social conscience, Shulman demonstrates, is the idea that the state entrusts parents with custody of the child, and it does so only as long as parents meet their fiduciary duty to serve the developmental needs of the child. Shulman's illuminating account of American legal history is of more than academic interest. If once again we treat parenting as a delegated responsibility-as a sacred trust, not a sacred right-we will not all reach the same legal prescriptions, but we might be more willing to consider how time-honored principles of family law can effectively accommodate the evolving interests of parent, child, and state"--cProvided by publisher. 0aParent and child (Law)zUnited States.910262 0aChildrenxLegal status, laws, etc.zUnited States.910263 0aDomestic relationszUnited States.910264 0aConstitutional lawzUnited States.92562 7aLAW / Family Law / Children.2bisacsh910265 7aLAW / Child Advocacy.2bisacsh910266 7aLAW / Constitutional.2bisacsh910267 a7bcbccorignewd1eecipf20gy-gencatlg 2lcccBK c41909d41909